00229 a2200109 4500001000700000020000600007040001100013100003300024240002900057245002400086362000900110169026 a  cMagnum aMarin, Alda Junqueira (Org.)10aEducacao continuadalpor10aEducacao continuada0 a1899